| 000 | 00341cam a22000977a 4500 | ||
|---|---|---|---|
| 008 | 180718b1976 xxu||||| |||| 00| 0 eng d | ||
| 082 | _aF8m x 5442 m278 | ||
| 245 |
_aReport of the committee to review the system of direct election of municipal president _cBy Govt. of Maharashtra |
||
| 260 |
_aBombay _bGovt. of Maharashtra _c1976 |
||
| 300 | _a31p. | ||
| 999 |
_c415802 _d415802 |
||